000 00743nam a22001577a 4500
003 OSt
005 20160509095621.0
008 160509b xxu||||| |||| 00| 0 eng d
040 _cRUA
082 _aAGR SOK 2011 B470 Or.1
100 _98323
_aSOK CHANSEREY; សុខ ចាន់សិរី
245 _aFlea beetle (phyllotreta spp) control on celery cabbage under royal university of agricultue condition; ការគ្រប់គ្រងសត្វទៀកគូលើដំណាំស្ពៃចង្កឺះក្នុងល័ក្ខខ័ណ្ឌសាកលវិទ្យាល័យភូមិន្ទកសិកម្ម
260 _aPhnom Penh
_bRUA
_c2010
300 _aix;42p.
_bill.
_c29cm.
942 _2ddc
_cAGR
999 _c7975
_d7975